| 000 -ლიდერი |
| ფიქსირებული სიგრძის საკონტროლო ველი |
01986nam a2200289Ia 4500 |
| 001 - საკონტროლო ნომერი |
| საკონტროლო ველი |
20596 |
| 003 - საკონტროლო ნომრის იდენტიფიკატორი |
| საკონტროლო ველი |
GE_BSU |
| 005 - ბოლო ოპერაციის თარიღი და დრო |
| საკონტროლო ველი |
20210225003311.0 |
| 008 - ფიქსირებული სიგრძის მონაცემთა ელემენტები - ზოგადი ინფორმაცია |
| ფიქსირებული სიგრძის საკონტროლო ველი |
181216s2017||||ge |||||||||||||| ||geo|| |
| 040 ## - კატალოგიზაციის წყარო |
| Transcribing agency |
GE_BSU |
| 041 ## - ენის კოდი |
| Language code of text/sound track or separate title |
geo |
| 080 ## - უნივერსალური ათობითი კლასიფიკაციის ინდექსი |
| Universal Decimal Classification number |
811.353.2'36 ჩ-21 |
| 100 ## - მთავარი ჩანაწერი - პიროვნების სახელი |
| Personal name |
ჩანტლაძე, იზა |
| 9 (RLIN) |
10230 |
| 245 ## - ცნობა სათაურის შესახებ |
| Title |
სვანური ენის შესწავლის ისტორია (სახელთა პარადიგმატიკა) = History of Svan Language Studying / |
| Statement of responsibility, etc |
იზა ჩანტლაძე. |
| 264 ## - წარმოების, გამოცემის, დისტრიბუციის და სხვა ცნობები |
| გამოცემის, წარმოების, დისტრიბუციის... ადგილი |
თბილისი : |
| გამოცემის, წარმოების, დისტრიბუციის... სახელწოდება |
ენათმეცნიერების ინ-ტი, |
| გამოცემის, წარმოების, დისტრიბუციის... თარიღი |
2017. |
| 300 ## - ფიზიკური აღწერა |
| Extent |
226 გვ. ; |
| Dimensions |
25 სმ. |
| 500 ## - ზოგადი შენიშვნა |
| General note |
პირთა საძიებელი : გვ.220-224 |
| 504 ## - BIBLIOGRAPHY, ETC. NOTE |
| Bibliography, etc |
ბიბლიოგრ. : გვ. 199-220 |
| 520 ## - SUMMARY, ETC. |
| Summary, etc |
ნაშრომს დამხმარე სახელმძღვანელოს სახით გამოიყენებენ სახელმწიფო უნვერსიტეტის ჰუმანიტარულ მეცნიერებათა ფაკულტეტის ბაკალავრიატისა და მაგისტრატურის სტუდენტები |
| 653 ## - INDEX TERM--UNCONTROLLED |
| Uncontrolled term |
სვანური ენა |
| 653 ## - INDEX TERM--UNCONTROLLED |
| Uncontrolled term |
სვანური ენის შესწავლის ისტორია |
| 653 ## - INDEX TERM--UNCONTROLLED |
| Uncontrolled term |
სახელთა პარადიგმატიკა |
| 710 ## - ADDED ENTRY--CORPORATE NAME |
| Corporate name or jurisdiction name as entry element |
ივანე ჯავახიშვილის სახელობის თბილისის სახელმწიფო უნივერსიტეტიტი |
| 9 (RLIN) |
10231 |
| 710 ## - ADDED ENTRY--CORPORATE NAME |
| Corporate name or jurisdiction name as entry element |
არნოლდ ჩიქობავას ენათმეცნიერების ინსტიტუტი |
| 9 (RLIN) |
7875 |
| 710 ## - ADDED ENTRY--CORPORATE NAME |
| Corporate name or jurisdiction name as entry element |
კავკასიოლოგიის ინსტიტუტი |
| 9 (RLIN) |
8271 |
| 942 ## - ADDED ENTRY ELEMENTS (KOHA) |
| Koha item type |
წიგნი |
| Source of classification or shelving scheme |
|